000 00336nam a2200133Ia 4500
005 20260328104325.0
008 260328s9999||||xx |||||||||||||| ||und||
100 _aGunay, Reha
245 0 _aTradition of the Turkish Houses and Safranbolu Houses /
_cReha Gunay
260 _bYEM
300 _a356 p.
650 _aESTABUL
942 _cBK
999 _c11477
_d11477